№ 325 : Вопросы фонетики: [сборник]; Ученые записки [Ленинградского государственного университета]

التفاصيل البيبلوغرافية
Parent link:Ученые записки [Ленинградского государственного университета]: сборник статей/ Ленинградский государственный университет (ЛГУ). № 325 : Вопросы фонетики.— , 1937-1977
مؤلف مشترك: Ленинградский государственный университет (ЛГУ) Филологический факультет
مؤلفون آخرون: Матусевич М. И. (редактор)
اللغة:الروسية
منشور في: 1964
الموضوعات:
التنسيق: كتاب
KOHA link:https://koha.lib.tpu.ru/cgi-bin/koha/opac-detail.pl?biblionumber=228175

MARC

LEADER 00000nam2a2200000 4500
001 228175
005 20231101230845.0
035 |a (RuTPU)RU\TPU\book\248628 
090 |a 228175 
100 |a 20121217d1964 k y0rusy50 ca 
101 0 |a rus 
102 |a RU 
105 |a a z 001zy 
200 0 |a № 325 : Вопросы фонетики  |e [сборник]  |f Ленинградский государственный университет (ЛГУ), Филологический факультет ; отв. ред. М. И. Матусевич 
210 |d 1964 
215 |a 194 с.  |c ил. 
320 |a Библиогр. в примеч. 
461 1 |0 (RuTPU)RU\TPU\book\347780  |t Ученые записки [Ленинградского государственного университета]  |o сборник статей  |f Ленинградский государственный университет (ЛГУ)  |v № 325 : Вопросы фонетики  |d 1937-1977 
606 1 |a Интонация  |x Лингвистика  |2 stltpush  |3 (RuTPU)RU\TPU\subj\12861  |9 39570 
610 1 |a фонетика 
610 1 |a звуки 
610 1 |a речь 
610 1 |a русский язык 
610 1 |a артикуляция 
610 1 |a звуковые эталоны 
610 1 |a мелодика 
610 1 |a французский язык 
610 1 |a вьетнамский язык 
686 |a Ш101  |2 rubbk 
702 1 |a Матусевич  |b М. И.  |4 340 
712 0 2 |a Ленинградский государственный университет (ЛГУ)  |b Филологический факультет  |c (1924-1991)  |2 stltpush  |3 (RuTPU)RU\TPU\col\77 
801 1 |a RU  |b 63413507  |c 20121217 
801 2 |a RU  |b 63413507  |c 20190201  |g RCR 
942 |c BK